| 000 | 01487cam a22002054a 4500 | ||
|---|---|---|---|
| 005 | 20250605164116.0 | ||
| 008 | 250528s ||||||||||||||||||||||||d | ||
| 035 | _a18089 | ||
| 020 | _a314011358 | ||
| 040 |
_aGR-AtMCL _bgre _dGR-AtMCL _eAACR2 |
||
| 245 | 1 | _aIntroduction to Child Development / Fifth Edition | |
| 250 | _a5th | ||
| 260 |
_bWest Publishing Company, _c1993 |
||
| 300 | _a616 | ||
| 520 | _aFoundations of Development, An Introduction to Development: History and Research, Inheritance and the Biological Foundations of Development, Beginning of Life: Birth and Infancy, Conception and Prenatal Development and Birth, Growth and Maturation and Individual Differences, Neural and Sensory and Perceptual Development, Infant Social and Emotional Development, The Developing Child: Learning and Language and Cognition, Learning, Language Development, Cognitive Development I: Historical Foundations, Cognitive Development II: Modern Perspectives, Intelligence and Individual Differences, The Developing Child: Social Process, Socialization and Personality Development, The Development of Sexuality and Sex Roles, Peers and School and the Social Environment, The Development of Morality and Self-Control, Child Development in Other Cultures, Children with Special Needs, Adolescence, Adolescent Physical and Cognitive Development, Adolescent Social and Personality Development. | ||
| 700 | 1 |
_aDworetzky John P _94372 |
|
| 942 | _cBK | ||
| 999 |
_c3474 _d3474 |
||